Statistics for Countries Smaller than Washington DC

Click here to take the quiz!

General Stats

  • This quiz has been taken 107 times
  • The average score is 5 of 6

Answer Stats

AreaCountry% Correct
0.4km²Vatican City
99%
61km²San Marino
86%
2km²Monaco
84%
160km²Liechtenstein
76%
21km²Nauru
65%
26km²Tuvalu
52%

Score Distribution

Percentile by Number Answered

Percent of People with Each Score

Your Score History

You have not taken this quiz